000 02006nam2a2200253 i 4500
001 RU\NLR\BIBL_A\010881946
005 20240729001747.0
010 _a9785855369175
_9100
021 _aRU
_b2015-76523
_94619
035 _a(NLR Aleph) 010881946
090 _a10509071
_c10509071
100 _a20151105d2015 k y0rusy50 ca
101 0 _arus
102 _aRU
105 _aa|||z|||100yy
200 0 _aТ. 1
210 _d2015
215 _a339 с.
_cил.
320 _aБиблиогр. в конце ст.
461 0 _1001RU\NLR\BIBL_A\010958254
_12001#$aВоспитательный потенциал повышения качества высшего профессионального образования$eматериалы Всероссийской научно-практической конференции по воспитательной работе, посвященной 70-летию Победы в Великой Отечественной войне 1941-1945 гг., 25-30 марта 2015 г., г. Волгоград$f[гл. ред.: Овчинников Алексей Семенович - чл-кор. РАН, д.с.-х.н., проф.]$vТ. 1
_910793792
_cВолгоград
_d2015
_f[гл. ред.: Овчинников Алексей Семенович - чл-кор. РАН, д.с.-х.н., проф.]
_nВолгоградский ГАУ
_oматериалы Всероссийской научно-практической конференции по воспитательной работе, посвященной 70-летию Победы в Великой Отечественной войне 1941-1945 гг., 25-30 марта 2015 г., г. Волгоград
_tВоспитательный потенциал повышения качества высшего профессионального образования
_y9785855369168
_vТ. 1
942 _cBOOK
980 _aNBR